| 000 | 00458nam a2200181Ia 4500 | ||
|---|---|---|---|
| 005 | 20250423095044.0 | ||
| 008 | 250422s9999 xx 000 0 und d | ||
| 020 | _a0030777305 | ||
| 050 | _aTK 153 .S4/ | ||
| 100 | _aSeely, Samuel | ||
| 245 | 0 | _aDigital computers in engineering | |
| 260 | _aNew York | ||
| 260 | _bHolt, Rinehart and Winston | ||
| 260 | _c1970 | ||
| 300 | _a329 p | ||
| 650 | _aElectrical engineering --Data processing | ||
| 942 | _cBK | ||
| 999 |
_c29102 _d29102 |
||